000 01629nam a2200301 i 4500
003 EG-GICUC
005 20260121101416.0
008 251202s1988 ua ||||fr|||| 000 0 ara d
040 _a EG-GICUC
_bara
_c EG-GICUC
_d EG-GICUC
_erda
041 _aara
082 0 4 _221
_a343.3062
_bم ص . ق
092 0 4 _221
099 _aLaw1 10 343.3062 1928 م ص . ق
110 1 _aمصر
_bوزارة الحقانية
_eمعد.
245 1 0 _aقانون تحقيق الجنايات الأهلي :
_bقانون تحقيق الجنايات الأهلى مع التعديلات الطارئة عليه لغاية آخر فبراير سنة ١٩٢٨ مذيل بقانون تشكيل محاكم الجنايات وقانون محاكم المراكز والقانون رقم ۲۷ لسنة ۱۹۱۰ والقانون رقم 1 لسنة ١٩١٧ والقانون الخاص يجعل بعض الجنايات جنحا اذا اقترنت بأعذار قانونية أو ظروف مخففة وفهرس هجائي /
_cالحكومة المصرية - وزارة الحقانية.
264 3 _aالقاهرة :
_bالمطبعة الاميرية,
_c1928.
300 _a132 صفحة ؛
_c24 سم
336 _2rda content
_atext
337 _2rda media
_aComputer
338 _2rda carrier
_aOnline Resource
504 _a. 240-220 ببليوجرافيا: صفحات.
650 1 4 _a قانون الإجراءات الجنائية
_2qrmak
650 1 4 _aالإجراءات أمام محكمة الجنايات
651 1 _2qrmak
856 4 0 _uhttps://fll.law.cu.edu.eg/fulltext/bks/B10-05467.pdf
905 _a5
_eHassnaa
942 _2ddc
_cBK
_e21
_n0
999 _c47933
_d47933